Jazz 101 : (Record no. 520)

MARC details
000 -LEADER
fixed length control field 00699cam a22002534a 4500
005 - DATE AND TIME OF LATEST TRANSACTION
control field 20260322212023.0
008 - FIXED-LENGTH DATA ELEMENTS--GENERAL INFORMATION
fixed length control field data
010 ## - LIBRARY OF CONGRESS CONTROL NUMBER
LC control number 00035055
020 ## - INTERNATIONAL STANDARD BOOK NUMBER
International Standard Book Number 0786884967
020 ## - INTERNATIONAL STANDARD BOOK NUMBER
International Standard Book Number 9780786884964
040 ## - CATALOGING SOURCE
Original cataloging agency DLC
Transcribing agency DLC
042 ## - AUTHENTICATION CODE
Authentication code pcc
050 00 - LIBRARY OF CONGRESS CALL NUMBER
Classification number MT146
Item number .S94 2000
082 00 - DEWEY DECIMAL CLASSIFICATION NUMBER
Classification number 781.65
Edition information 21
092 ## - LOCALLY ASSIGNED DEWEY CALL NUMBER (OCLC)
Classification number 781.65 S94 2000
001 - CONTROL NUMBER
control field data
100 1# - MAIN ENTRY--PERSONAL NAME
Personal name Szwed, John F.,
Dates associated with a name 1936-
245 10 - TITLE STATEMENT
Title Jazz 101 :
Remainder of title a complete guide to learning and loving jazz /
Statement of responsibility, etc. John F. Szwed.
250 ## - EDITION STATEMENT
Edition statement 1st ed.
260 ## - PUBLICATION, DISTRIBUTION, ETC.
Place of publication, distribution, etc. New York :
Name of publisher, distributor, etc. Hyperion,
Date of publication, distribution, etc. c2000.
300 ## - PHYSICAL DESCRIPTION
Extent xiv, 354 p. ;
Dimensions 21 cm.
504 ## - BIBLIOGRAPHY, ETC. NOTE
Bibliography, etc. note Includes bibliographical references (p. [318]-337) and index.
650 #0 - SUBJECT ADDED ENTRY--TOPICAL TERM
Topical term or geographic name entry element Jazz
General subdivision Analysis, appreciation.
Holdings
Withdrawn status Lost status Damaged status Not for loan Home library Current library Shelving location Date acquired Total checkouts Full call number Barcode Date last seen Price effective from Koha item type
        Centerville Centerville General stacks 22/03/2026   781.65 21 BC0010532 22/03/2026 22/03/2026 Books